000 00708nam a22002297a 4500
003 0
005 20251103153848.0
008 251103b xxu||||| |||| 00| 0 eng d
020 _a978-1-83683-143-3
050 _aQA 280
_b.V35 2025
100 _aVale, Stella,
_eauthor.
245 _aStatistical methods for forecasting /
_cStella Vale.
250 _aFirst edition.
260 _aLondon, UK :
_bVintage Press Ltd,
_c2025.
300 _aix, 280 pages ;
_c24 cm.
504 _aIncludes bibliographical references and index.
650 _aForecasting
_xStatistical methods.
650 _aTime-series analysis.
650 _aStatistics
_xMethodology.
650 _aRegression analysis.
942 _2lcc
_cBK
999 _c368423
_d368423